000 01317cam a2200325 i 4500
001 12243880
003 EG-ScBUE
005 20241024083541.0
008 001129t2002 nyua f b 001 0 eng d
020 _a0387984658 (alk. paper)
020 _a9780387984650
040 _aDLC
_beng
_erda
_cDLC
_dDLC
_dEG-ScBUE
082 0 4 _a516.353
_222
_bMAT
100 1 _aMatsuki, Kenji,
_d1958-
_eauthor.
_96149
245 1 0 _aIntroduction to the Mori Program /
_cKenji Matsuki.
264 1 _aNew York :
_bSpringer,
_c[2002]
264 4 _cc2002
300 _axxiii, 478 pages :
_billustrations ;
_c25 cm.
336 _2rdacontent
_atext
_btxt
337 _aunmediated
_2rdamedia
_bn
338 _avolume
_bnc
_2rdacarrier
490 0 _aUniversitext
504 _aIncludes bibliographical references and index.
650 7 _aAlgebraic varieties
_xClassification theory.
_2BUEsh
_96150
655 _vReading book
856 4 2 _3Publisher description
_uhttp://www.loc.gov/catdir/enhancements/fy0812/00067917-d.html
856 4 1 _3Table of contents only
_uhttp://www.loc.gov/catdir/enhancements/fy0812/00067917-t.html
942 _2ddc
_cBB
999 _c11824
_d11824